| 000 | 00534nam a2200193Ia 4500 | ||
|---|---|---|---|
| 003 | OSt | ||
| 005 | 20250214094302.0 | ||
| 008 | 210210b1976 xxu||||| |||| 00| 0 eng d | ||
| 040 | _cAL | ||
| 041 | _aKannada | ||
| 082 | _aK894.3 BHAK | ||
| 100 |
_aBHARATISUTA. _dಭಾರತೀಸುತ _9199579 |
||
| 245 |
_aKandanannu kaddavanu. _bಕಂದನನ್ನು ಕದ್ದವನು, |
||
| 260 |
_aMadikeri _bKaveri Prakashana _c1976 |
||
| 300 | _aiv,113 | ||
| 690 |
_aKannada Fiction _9199580 |
||
| 906 | _a032524 | ||
| 942 |
_2ddc _cBK |
||
| 999 |
_c83384 _d83384 |
||